000 00660nam a2200205Ia 4500
003 SISC
005 20181027093855.0
008 181023s9999 xx 000 0 und d
020 _a9789719807605
050 _aBL 80
_b.C823 2017
100 _aCorral, Victoria
245 _aIntroduction to world religions for senior high school/
_cVictoria Corral, Genevieve Balance-Kupang
260 _aQuezon City:
_bC and E Publishing, Inc.
_c2017
300 _aviii, 248 pages :
_billustrated ;
_c25 cm.
500 _aIncludes bibliographical reference and index
650 _aReligions
700 _aGenevieve Balance-Kupang
942 _2lcc
_cBK
999 _c359407
_d359407